The Penguin atlas of African history / (Record no. 128816)
[ view plain ]
| 000 -LEADER | |
|---|---|
| fixed length control field | 01495cem a2200409 4500 |
| 001 - CONTROL NUMBER | |
| control field | 262513 |
| 003 - CONTROL NUMBER IDENTIFIER | |
| control field | ARRUPE |
| 005 - DATE AND TIME OF LATEST TRANSACTION | |
| control field | 20190124104659.0 |
| 007 - PHYSICAL DESCRIPTION FIXED FIELD--GENERAL INFORMATION | |
| fixed length control field | ad canzn |
| 008 - FIXED-LENGTH DATA ELEMENTS--GENERAL INFORMATION | |
| fixed length control field | 960410s1995 enk e eng |
| 010 ## - LIBRARY OF CONGRESS CONTROL NUMBER | |
| LC control number | 96135984 |
| 020 ## - INTERNATIONAL STANDARD BOOK NUMBER | |
| International Standard Book Number | 0140513213 |
| 034 0# - CODED CARTOGRAPHIC MATHEMATICAL DATA | |
| Category of scale | a |
| 040 ## - CATALOGING SOURCE | |
| Original cataloging agency | DLC |
| Transcribing agency | DLC |
| Modifying agency | DLC |
| 050 00 - LIBRARY OF CONGRESS CALL NUMBER | |
| Classification number | SPC. G2446.S1 |
| Item number | M34 1995 |
| 052 ## - GEOGRAPHIC CLASSIFICATION | |
| Geographic classification area code | 8201 |
| 072 #0 - SUBJECT CATEGORY CODE | |
| Subject category code | S1 |
| Source | lcg |
| 082 00 - DEWEY DECIMAL CLASSIFICATION NUMBER | |
| Classification number | 911/.6 |
| Edition number | 20 |
| 300 ## - PHYSICAL DESCRIPTION | |
| Other physical details | ill., col. maps ; |
| Dimensions | 21 cm. |
| 100 1# - MAIN ENTRY--PERSONAL NAME | |
| Personal name | McEvedy, Colin. |
| 9 (RLIN) | 24447 |
| 245 14 - TITLE STATEMENT | |
| Title | The Penguin atlas of African history / |
| Statement of responsibility, etc | Colin McEvedy. |
| 246 30 - VARYING FORM OF TITLE | |
| Title proper/short title | Atlas of African history |
| 250 ## - EDITION STATEMENT | |
| Edition statement | New ed., rev. ed. 1995. |
| 255 ## - CARTOGRAPHIC MATHEMATICAL DATA | |
| Statement of scale | Scale not given. |
| 260 ## - PUBLICATION, DISTRIBUTION, ETC. (IMPRINT) | |
| Place of publication, distribution, etc | London ; |
| -- | New York : |
| Name of publisher, distributor, etc | Penguin Books, |
| Date of publication, distribution, etc | 1995. |
| 300 ## - PHYSICAL DESCRIPTION | |
| Extent | 1 atlas (144 p.) : |
| 490 0# - SERIES STATEMENT | |
| Series statement | Penguin reference books |
| 500 ## - GENERAL NOTE | |
| General note | "Published simultaneously by Allan Lane"--T.p. verso. |
| 500 ## - GENERAL NOTE | |
| General note | Includes index. |
| 651 #0 - SUBJECT ADDED ENTRY--GEOGRAPHIC NAME | |
| Geographic name | Africa |
| General subdivision | Historical geography |
| -- | Maps. |
| 9 (RLIN) | 44151 |
| 856 42 - ELECTRONIC LOCATION AND ACCESS | |
| Materials specified | Contributor biographical information |
| Uniform Resource Identifier | <a href="http://www.loc.gov/catdir/enhancements/fy1207/96135984-b.html">http://www.loc.gov/catdir/enhancements/fy1207/96135984-b.html</a> |
| 856 41 - ELECTRONIC LOCATION AND ACCESS | |
| Materials specified | Table of contents only |
| Uniform Resource Identifier | <a href="http://www.loc.gov/catdir/enhancements/fy1207/96135984-t.html">http://www.loc.gov/catdir/enhancements/fy1207/96135984-t.html</a> |
| 856 42 - ELECTRONIC LOCATION AND ACCESS | |
| Materials specified | Publisher description |
| Uniform Resource Identifier | <a href="http://www.loc.gov/catdir/enhancements/fy1505/96135984-d.html">http://www.loc.gov/catdir/enhancements/fy1505/96135984-d.html</a> |
| 906 ## - LOCAL DATA ELEMENT F, LDF (RLIN) | |
| a | 7 |
| b | cbc |
| c | orignew |
| d | 2 |
| e | ncip |
| f | 19 |
| g | y-geogmaps |
| 942 ## - ADDED ENTRY ELEMENTS (KOHA) | |
| Source of classification or shelving scheme | Library of Congress Classification |
| Koha item type | SPC |
| Withdrawn status | Lost status | Source of classification or shelving scheme | Damaged status | Not for loan | Collection code | Home library | Current library | Shelving location | Date acquired | Total Checkouts | Full call number | Barcode | Date last seen | Price effective from | Koha item type |
|---|---|---|---|---|---|---|---|---|---|---|---|---|---|---|---|
| Library of Congress Classification | SPECIAL Collection | ARRUPE LIBRARY | ARRUPE LIBRARY | REFERENCE | 24/01/2019 | SPC. G2446.S1 M34 1995 | 46600003414 | 24/01/2019 | 24/01/2019 | SPC |